000 00980nam a2200301Ia 4500
001 17105
003 IT-RoPAU
008 130308s9999 xx 000 0 und d
040 _aIT-RoPAU
040 _cIT-RoPAU
041 _aITALIANO
100 _aAccornero Pier Giuseppe
100 _gCodice Aut. SPICS: 10096
245 _aTemi del dibattito congressuale (I)
245 _bUnione Cattolica Stampa Italiana 1979-80
250 _a1a ed.
260 _aROMA
260 _bCisad
260 _c1980 [1° Ed.:1980 - Ed.Ling.Originale:1979]
300 _a"19 p. (prefazione: no ; testo: 19 [pagine: 101-119])"
500 _aMemoria Storica dell'Unione Identità del giornalista Cristiano VII Assemblea Nazionale Roma 1979 Organizzazione partecipazione Formazione Segni di una Nuova Cultura un Giornalismo della Speranza
650 _aSAGGI DI STAMPA DI MASSA
650 _eCodice materia Spics: 6661
942 _cBK
957 _71
999 _c50215
_d50215
999 _bSI
999 _g1